| 000 | 02078cam a22001814a 4500 | ||
|---|---|---|---|
| 005 | 20250605164343.0 | ||
| 008 | 250528s ||||||||||||||||||||||||d | ||
| 035 | _a23733 | ||
| 040 |
_aGR-AtMCL _bgre _dGR-AtMCL _eAACR2 |
||
| 245 | 1 | _aΠολιτική και Στρατηγική των Φαρμακευτικών Επιχειρήσεων (Πολυεθνικές και Ελληνικες) εν Μέσω Οικονομικής Ύφεσης στην Ελλάδα | |
| 260 | _c2012 | ||
| 300 | _a42 | ||
| 520 | _aΠερίληψη, Ευχαριστίες, Εισαγωγή, Αγορά Φαρμάκου, Φαρμακευτικές Εταιρίες, Θεσμικό Καθεστώς, Το Σύστημα Αποζημίωσης στην Ελλάδα, Το Σύστημα Αποζημίωσης στην Ελλάδα, Το Σύστημα Τιμολόγησης και η Έκδοση Δελτίων Τιμών, Τα Χρέη των Νοσοκομείων, Εθνικός Οργανισμός Φαρμάκων, Πολιτική του Φαρμάκου στην Ελλάδα, Πωλήσεις Φαρμακευτικών Εταιρειών πριν την Οικονομική Κρίση, Ιδιαιτερότητες της Αγοράς Φαρμάκου, Ιατρική Ενημέρωση και Διαφήμιση Φαρμάκων, Συνταγογράφηση Φαρμάκων, Πρωτότυπα και Γενόσημα Φάρμακα, Οι Επιπτώσεις της Κρίσης, Οι Επιπτώσεις επί των Πωλήσεων, Οι Επιπτώσεις στο Θεσμικό Καθεστώς, Οι Επιπτώσεις στην Κοινωνία, Στρατηγικές Αντιμετώπισης της Κρίσης, Περιορισμοί Κόστους, Ανάπτυξη των Πωλήσεων, Μετακίνηση σε Άλλες Αγορές, Συμπεράσματα - Προοπτικές, Παραπομπές - Βιβλιογραφία. | ||
| 700 | 1 |
_aΓαϊτάνος Ιουλιανός Κλ _99279 |
|
| 942 | _cDS | ||
| 999 |
_c8682 _d8682 |
||